[Event "Kup Centralne Srbije 2013"]
[Site "Vrnjacka Banja"]
[Date "2013.04.26"]
[Round "5.9"]
[White "Vujic, Mihailo"]
[Black "Gajic, Branko"]
[Result "1-0"]
[WhiteElo "2364"]
[BlackElo "2162"]
[PlyCount "101"]
[EventDate "2013.03.24"]

1. e4 c6 2. d4 d5 3. e5 Bf5 4. h4 h6 5. g4 Be4 6. f3 Bg6 7. h5 Bh7 8. f4 e6 9.
Nf3 c5 10. c3 Nc6 11. Bd3 Bxd3 12. Qxd3 cxd4 13. cxd4 Nb4 14. Qe2 Rc8 15. Nc3
Qb6 16. O-O Qa6 17. Qxa6 Nxa6 18. f5 Ne7 19. fxe6 fxe6 20. Nb5 Nc6 21. Nh4 Be7
22. Ng6 Rg8 23. g5 Nab4 24. Bd2 a6 25. Nxe7 Kxe7 26. Bxb4+ Nxb4 27. Nd6 Rcf8
28. Rxf8 Rxf8 29. Rc1 Kd7 30. Nxb7 Rf4 31. Nc5+ Ke7 32. a3 Nc6 33. Nxe6 Rg4+
34. Kf2 Nxe5 35. dxe5 Kxe6 36. gxh6 gxh6 37. Rc6+ Kxe5 38. Rxh6 Rh4 39. b4 Kf4
40. Rf6+ Ke5 41. Rxa6 Rxh5 42. b5 Rh2+ 43. Kf3 Rb2 44. a4 d4 45. b6 Kd5 46. a5
d3 47. Ra7 Kc6 48. Ke3 d2 49. Ke2 Kd6 50. b7 Kc7 51. a6 1-0

[Event "Kup Centralne Srbije 2013"]
[Site "Vrnjacka Banja"]
[Date "2013.04.26"]
[Round "5.9"]
[White "Cabarkapa, Miomir"]
[Black "Tojagic, Dane"]
[Result "1-0"]
[WhiteElo "2163"]
[BlackElo "2276"]
[PlyCount "85"]
[EventDate "2013.03.24"]

1. Nf3 c5 2. c4 Nf6 3. d4 cxd4 4. Nxd4 e5 5. Nb5 d5 6. cxd5 Bc5 7. e3 O-O 8.
Be2 Nxd5 9. N5c3 Nb4 10. Nd2 Be6 11. O-O N8c6 12. a3 Nd5 13. Nxd5 Bxd5 14. b4
Bb6 15. Bc4 Rc8 16. Qb3 Ne7 17. Bb2 Bxc4 18. Nxc4 Qd5 19. Rac1 Rfd8 20. Rfd1
Qe6 21. Rxd8+ Bxd8 22. Nd2 Rxc1+ 23. Bxc1 Qxb3 24. Nxb3 Bb6 25. Kf1 f6 26. Ke2
Kf7 27. e4 Ke6 28. Be3 Bxe3 29. Kxe3 b6 30. Kd3 Nc8 31. Nc1 Nd6 32. Ne2 g6 33.
Nc3 f5 34. f3 h5 35. h4 f4 36. a4 Nb7 37. Nb5 a5 38. Nc7+ Kd6 39. Nd5 axb4 40.
Nxb6 b3 41. Kc3 Kc6 42. Nd5 Nd6 43. Nb4+ 1-0

[Event "Kup Centralne Srbije 2013"]
[Site "Vrnjacka Banja"]
[Date "2013.04.26"]
[Round "5.9"]
[White "Markovic, Dragan M"]
[Black "Jovcic, Zoran"]
[Result "1/2-1/2"]
[WhiteElo "2021"]
[BlackElo "2111"]
[PlyCount "80"]
[EventDate "2013.03.24"]

1. e4 d5 2. exd5 Qxd5 3. Nc3 Qa5 4. d4 Nf6 5. Bc4 Bf5 6. Nf3 e6 7. O-O c6 8.
Ne5 Bd6 9. Bf4 Qc7 10. Re1 O-O 11. Bd3 Bxd3 12. Qxd3 Nbd7 13. Bg3 Rfd8 14. Qe2
Nf8 15. Rad1 a6 16. Rd3 Rac8 17. Rf3 Bb4 18. Rxf6 gxf6 19. Qg4+ Kh8 20. Ng6+
hxg6 21. Bxc7 Rxc7 22. Qf4 Rcd7 23. Qxf6+ Kg8 24. Rd1 Nh7 25. Qe5 Bd6 26. Qe2
Nf6 27. g3 Be7 28. a3 Rxd4 29. Rxd4 Rxd4 30. Qe5 Rd2 31. b4 Rxc2 32. h3 Nd7 33.
Qe3 c5 34. Ne4 cxb4 35. axb4 Rc4 36. Nd2 Rxb4 37. Qc3 Nf6 38. Qc8+ Kg7 39. Qc3
Kg8 40. Qc8+ Kg7 1/2-1/2

[Event "Kup Centralne Srbije 2013"]
[Site "Vrnjacka Banja"]
[Date "2013.04.26"]
[Round "5.9"]
[White "Jocovic, Slobodan"]
[Black "Milovanovic, Nenad"]
[Result "0-1"]
[WhiteElo "2063"]
[BlackElo "2200"]
[PlyCount "80"]
[EventDate "2013.03.24"]

1. d4 Nf6 2. Bg5 Ne4 3. Bf4 d6 4. f3 Nf6 5. e4 Nbd7 6. Ne2 c6 7. c3 e5 8. Bg5
Be7 9. Ng3 Nb6 10. Bd3 Qc7 11. O-O Be6 12. Nd2 h6 13. Be3 g5 14. c4 c5 15. d5
Bc8 16. Be2 Rg8 17. a3 h5 18. b4 h4 19. Nf5 Bxf5 20. exf5 Nbd7 21. Qa4 Kf8 22.
Qb3 b6 23. Ne4 Nxe4 24. fxe4 Kg7 25. f6+ Bxf6 26. Rf5 Kg6 27. Raf1 Rg7 28. Bg4
Be7 29. Bxg5 Bxg5 30. Rxg5+ Kxg5 31. Qe3+ Kg6 32. Bf5+ Kh5 33. Qf3+ Kh6 34. Qh3
Nf6 35. Qxh4+ Nh5 36. g4 Rg5 37. Kh1 Qd8 38. Qh3 Qe7 39. Qe3 Nf4 40. Rxf4 exf4
0-1

[Event "Kup Centralne Srbije 2013"]
[Site "Vrnjacka Banja"]
[Date "2013.04.26"]
[Round "5.10"]
[White "Colovic, Zoran"]
[Black "Stojiljkovic, Tamara"]
[Result "1-0"]
[WhiteElo "2120"]
[BlackElo "1774"]
[PlyCount "83"]
[EventDate "2013.03.24"]

1. e4 c5 2. c3 Nf6 3. e5 Nd5 4. Bc4 e6 5. d4 Nb6 6. Bb3 cxd4 7. cxd4 d5 8. Nf3
Be7 9. Nc3 a6 10. h4 Nc6 11. Bc2 Nb4 12. Bb1 Bd7 13. a3 Nc6 14. Ng5 h6 15. Qh5
Bxg5 16. hxg5 Qe7 17. gxh6 O-O-O 18. h7 Be8 19. Be3 Nc4 20. Qe2 Nxe3 21. Qxe3
Qc7 22. Bc2 Qb6 23. O-O-O Na5 24. Na4 Bxa4 25. Bxa4 Kb8 26. Kb1 Rc8 27. Bc2 Nc4
28. Qb3 Qa5 29. Qb4 Qd8 30. Rh3 Rc6 31. Bb3 b5 32. Rdd3 Qb6 33. Qe7 Rc7 34. Qg5
g6 35. Qf6 Rcc8 36. Qxf7 Qc6 37. Rc3 a5 38. Bxc4 bxc4 39. Qxg6 Ka8 40. Rh6 Qa4
41. Qxe6 Qd1+ 42. Ka2 1-0

[Event "Kup Centralne Srbije 2013"]
[Site "Vrnjacka Banja"]
[Date "2013.04.26"]
[Round "5.10"]
[White "Pavlovic, Branka"]
[Black "Radovanovic, Miroljub B"]
[Result "0-1"]
[WhiteElo "1806"]
[BlackElo "1969"]
[PlyCount "102"]
[EventDate "2013.03.24"]

1. e4 c5 2. Nf3 Nc6 3. d4 cxd4 4. Nxd4 e5 5. Nb3 Nf6 6. Nc3 Bb4 7. Bd3 d5 8.
exd5 Nxd5 9. Bd2 Nxc3 10. bxc3 Be7 11. O-O O-O 12. Re1 Be6 13. Qh5 f5 14. Rad1
g6 15. Qe2 Qc7 16. Bh6 Rfe8 17. Bc4 Qc8 18. Rd2 e4 19. Red1 Ne5 20. Bxe6+ Qxe6
21. Bf4 Nc4 22. Rd7 b5 23. R1d5 Nb6 24. Nd4 Qf7 25. Rxe7 Rxe7 26. Rxb5 Rc8 27.
Rb3 Nd5 28. Bd2 Rec7 29. Nb5 Rc6 30. Qe1 Re8 31. Nd4 Ra6 32. a3 f4 33. Qe2 Rb6
34. c4 Rxb3 35. cxb3 Nb6 36. Qg4 e3 37. fxe3 fxe3 38. Be1 Nd7 39. h3 Ne5 40.
Qe2 Qf4 41. Nc2 Nf7 42. c5 Qe4 43. b4 Ne5 44. b5 Nd3 45. c6 Nxe1 46. Nxe1 Qe5
47. Qc4+ Kg7 48. a4 e2 49. Qb4 Rf8 50. Nf3 Qg3 51. Kh1 Rxf3 0-1

[Event "Kup Centralne Srbije 2013"]
[Site "Vrnjacka Banja"]
[Date "2013.04.26"]
[Round "5.10"]
[White "Todorovic, Sasa"]
[Black "Tosic, Dragoljub"]
[Result "0-1"]
[WhiteElo "1910"]
[BlackElo "1984"]
[PlyCount "58"]
[EventDate "2013.03.24"]

1. d4 Nf6 2. e3 g6 3. f4 d5 4. Bd3 Bg7 5. Nf3 c5 6. c3 Nc6 7. Nbd2 c4 8. Bc2 b5
9. O-O O-O 10. Ne5 Qb6 11. Qe1 Bb7 12. Kh1 Nxe5 13. fxe5 Ne4 14. Nxe4 dxe4 15.
Qh4 f6 16. Bd2 Qc6 17. Rf2 fxe5 18. Rxf8+ Rxf8 19. Qxe7 exd4 20. cxd4 Rf7 21.
Qd8+ Rf8 22. Qg5 Rf2 23. Bb4 Qf6 24. Qxf6 Bxf6 25. Rc1 Bg5 26. Bc5 Bxe3 27. Rd1
Rxc2 28. h3 Rc1 29. Rxc1 Bxc1 0-1

[Event "Kup Centralne Srbije 2013"]
[Site "Vrnjacka Banja"]
[Date "2013.04.26"]
[Round "5.1"]
[White "Brankovic, Dejan"]
[Black "Djukic, Zeljko"]
[Result "1/2-1/2"]
[WhiteElo "2359"]
[BlackElo "2395"]
[PlyCount "29"]
[EventDate "2013.03.24"]

1. e4 c5 2. Nf3 Nc6 3. Bb5 e6 4. Bxc6 bxc6 5. O-O f6 6. Nc3 d6 7. d4 cxd4 8.
Qxd4 Ne7 9. Rd1 Ng6 10. Qc4 Bd7 11. Nd4 Qc8 12. f4 Be7 13. f5 Ne5 14. Qf1 exf5
15. Nxf5 1/2-1/2

[Event "Kup Centralne Srbije 2013"]
[Site "Vrnjacka Banja"]
[Date "2013.04.26"]
[Round "5.4"]
[White "Markovic, Slavoljub"]
[Black "Vlajic, Sasa"]
[Result "1-0"]
[WhiteElo "2239"]
[BlackElo "2170"]
[PlyCount "71"]
[EventDate "2013.03.24"]

1. e4 d5 2. exd5 Nf6 3. Nf3 Nxd5 4. d4 g6 5. Be2 Bg7 6. c4 Nb6 7. Nc3 O-O 8.
Be3 Bg4 9. Qb3 Nc6 10. c5 Be6 11. Qd1 Nd5 12. Ng5 Nxe3 13. fxe3 Bc8 14. h4 h6
15. Nf3 Bg4 16. Qa4 e6 17. O-O Qc8 18. Ne4 Ne7 19. Nf2 Bxf3 20. Bxf3 c6 21. h5
g5 22. Ne4 Qc7 23. Kh1 b6 24. Rac1 e5 25. Nd6 f5 26. Qc4+ Kh7 27. g4 e4 28. Bg2
bxc5 29. Qxc5 Rf6 30. Nxf5 Nxf5 31. Bxe4 Rb8 32. Bxf5+ Kh8 33. Rc3 Qg3 34. b3
Re8 35. e4 Qc7 36. Re1 1-0